LIBRARY & INFORMATION CENTRE, KCAET, TAVANUR

ONLINE PUBLIC ACCESS CATALOGUE (OPAC)

Unit operations and unit processes, Vol.2 (Record no. 13925)

MARC details
000 -LEADER
fixed length control field 00345nam a22001337a 4500
020 ## - INTERNATIONAL STANDARD BOOK NUMBER
ISBN 9788123914879
082 ## - DEWEY DECIMAL CLASSIFICATION NUMBER
Classification number 660.284
Item number NAR/UN
100 ## - MAIN ENTRY--AUTHOR NAME
Personal name Narayanan, C.M
245 ## - TITLE STATEMENT
Title Unit operations and unit processes, Vol.2
260 ## - PUBLICATION, DISTRIBUTION, ETC. (IMPRINT)
Place of publication New Delhi
Name of publisher CBS publishers and Distributors
Year of publication 2010
300 ## - PHYSICAL DESCRIPTION
Number of Pages 1788
700 ## - ADDED ENTRY--PERSONAL NAME
Personal name Bhattacharya, B.C
942 ## - ADDED ENTRY ELEMENTS (KOHA)
Koha item type Books
Holdings
Withdrawn status Lost status Damaged status Collection code Home library Current library Shelving location Date acquired Source of acquisition Cost, normal purchase price Full call number Accession Number Koha item type
      Non-fiction KAUAET KAUAET General Stacks 30/03/2013 Calicut Book Distributors 410.00 660.284 NAR/UN 23665 Books
free website counter